00590cam a22001577a 4500008004000000020001500040082001300055245009000068260004100158300001000199650006400209650003600273700002000309999001900329952008400348180718b1999 xxu||||| |||| 00| 0 eng d a0198296347 aF83 Ev15 aEnd of class politics?: class voting in comparative contextcedited by Geoffrey Evans aOxfordbOxford Uniersity Pressc1999 a364p. aSocial classes - Political aspects - History - 20th century aVoting - History - 20th century aEvans, Geoffrey c391990d391990 00104070aIIPAbIIPAd2000-04-03oF83 Ev15p75219r2018-07-21w2018-07-21yBK